| 000 | 00976nam a2200265Ia 4500 | ||
|---|---|---|---|
| 003 | IN-BaIIA | ||
| 008 | 211028s9999 xx s 000 0 eng d | ||
| 020 | _a978-3-642-27690-3 (Print) | ||
| 020 | _a978-3-642-27691-0 (Online) | ||
| 022 | _a2190-5053 (Print) | ||
| 022 | _a2190-5061 (Online) | ||
| 040 | _cIIA Library | ||
| 100 |
_aHuber, Markus Q. _939236 |
||
| 245 | 0 |
_aOn Gauge Fixing Aspects of the Infrared Behavior of Yang-Mills Green Functions _h[eBook] |
|
| 260 |
_aHeidelberg, Berlin _bSpringer Berlin Heidelberg _c2012 |
||
| 300 | _aOnline resource | ||
| 490 | _aSpringer Theses | ||
| 650 | _a Elementary Particles, Quantum Field Theory | ||
| 650 |
_a Mathematical Applications in the Physical Sciences _938305 |
||
| 650 |
_a Mathematical Physics _91525 |
||
| 650 |
_a Theoretical, Mathematical and Computational Physics _938331 |
||
| 650 |
_aPhysics _973 |
||
| 856 |
_uhttp://doi.org/10.1007/978-3-642-27691-0 _yClick Here to Access eBook |
||
| 942 | _cEB | ||
| 999 |
_c21175 _d21175 |
||